Noms de famille par pays d'origine - Statistiques

Statistiques générales
  • Ce quiz a été pris 502 fois
  • Le résultat moyen est 15 sur 21
Statistiques - réponses
Nom Pays % Correct
Dubois France
97%
Chen Chine
95%
Rodriguez Espagne
94%
Schneider Allemagne
91%
Smith Royaume-Uni
90%
Ivanov Russie/Bulgarie
88%
Kim Corée
85%
Lombardi Italie
82%
Papadopoulos Grèce
74%
Kowalski Pologne
74%
Nakamura Japon
73%
O'Donnell Irlande
72%
Teixeira Portugal
72%
Sørensen Danemark/Norvège
71%
Shevchenko Ukraine
69%
Nguyen Vietnam
65%
Abdullah Arabie Saoudite
58%
Patel Inde
54%
Ionescu Roumanie
54%
Kardashian Arménie
52%
Jafari Iran
38%
Aucun quiz correspondant
Distribution des résultats
% des personnes avec chaque résultat
Percentile par nombre de réponses
Votre historique - résultats
Vous n’avez pas pris ce quiz